MARC

LEADER 00000nam0a2200000 4500
001 44904
005 20231101210919.0
010 |a 5222004759 
035 |a (RuTPU)RU\TPU\book\46649 
090 |a 44904 
100 |a 20021127d1999 m y0rusy50 ca 
101 0 |a rus 
102 |a RU 
105 |a с z 000zb 
200 1 |a Саддам Хусейн  |e политическая биография  |f Р. Д. Апдайк 
210 |a Ростов-на-Дону  |c Феникс  |d 1999 
215 |a 512 с. 
225 1 |a След в истории 
600 1 |a Хусейн  |g Саддам  |b С.  |c президент Иракской республики  |f 1937-  |2 stltpui  |3 (RuTPU)RU\TPU\pers\1400 
606 1 |a Азиатские государства  |x Внутренняя политика  |2 stltpush  |3 (RuTPU)RU\TPU\subj\1569  |9 30327 
610 1 |a политика 
610 1 |a Ирак 
610 1 |a политические деятели 
610 1 |a государственные деятели 
610 1 |a политические биографии 
686 |a Ф3(5Ир)8  |v LBC/SL-A  |2 rubbk 
700 1 |a Апдайк  |b Р. Д.  |g Робин Дж. 
801 1 |a RU  |b 63413507  |c 20021127  |g PSBO 
801 2 |a RU  |b 63413507  |c 20140203  |g PSBO 
942 |c BK